Návrh riešenia na formovanie udržateľnej pracovnej sily prostredníctvom vybraných procesov riadenia ľudských zdrojov v podniku ANTOLIN TRNAVA, s.r.o.
Enregistré dans:
| Auteur principal: | |
|---|---|
| Autres auteurs: | |
| Format: | Manuscrit Livre |
| Langue: | slovaque |
| Publié: |
2020
|
| Sujets: | |
| Accès en ligne: | http://is.stuba.sk/zp/portal_zp.pl?podrobnosti=151385 |
| Tags: |
Pas de tags, Soyez le premier à ajouter un tag!
|
MARC
| LEADER | 00000ntm a22000003a 4500 | ||
|---|---|---|---|
| 001 | stuzp78471 | ||
| 003 | SK-STU | ||
| 005 | 20200704212144.3 | ||
| 007 | ta | ||
| 008 | 150427s2015----xo-----f-mn---000-0-slo-d | ||
| 040 | |a STU |b slo | ||
| 041 | 0 | |a slo | |
| 100 | 1 | |a Dobšovičová, Nina |u 064000 |k Z4 |4 aut |U MTF Materiálovotechnologická fakulta |T MTF Ústav priemyselného inžinierstva a manažmentu |X 82534 |U M4000 |Y 84 |7 82534 | |
| 242 | 0 | 1 | |a Proposal for forming a sustainable workforce through selected human resource management processes in ANTOLIN TRNAVA, s.r.o. |y eng |
| 245 | 1 | 0 | |a Návrh riešenia na formovanie udržateľnej pracovnej sily prostredníctvom vybraných procesov riadenia ľudských zdrojov v podniku ANTOLIN TRNAVA, s.r.o. |
| 260 | |c 2020 | ||
| 650 | 4 | |a procesy riadenia ľudských zdrojov |2 slo | |
| 650 | 4 | |a získavanie zamestnancov |2 slo | |
| 650 | 4 | |a vzdelávanie zamestnancov |2 slo | |
| 650 | 4 | |a human resource management processes |2 eng | |
| 650 | 4 | |a recruitment |2 eng | |
| 650 | 4 | |a employee training |2 eng | |
| 700 | 1 | |a Gyurák Babeľová, Zdenka |u 064000 |k Z1 |4 ths |U MTF Materiálovotechnologická fakulta |T MTF Ústav priemyselného inžinierstva a manažmentu |X 4411 |U M4000 |Y 84 |7 A000004411 | |
| 856 | 4 | |u http://is.stuba.sk/zp/portal_zp.pl?podrobnosti=151385 | |
| 996 | |c M* DP-14185 |l MMSKP |s P |a 0 |w stuzp78471_0001 | ||